000 01123nam a2200349Ic 4500
001 58892
003 CO-BoRNBP
005 20250828222101.0
007 ta
008 180815s2014 ck g 000 0 spa
020 _a9788498797022
040 _aCO-BoRNBP
_bspa
_erda
_cCO-BoRNBP
041 _aspa
082 0 4 _a355.02
_bS85a2
100 1 _aSun, Tzu,
_d1753-1810
_eaut
_940079
245 1 3 _aEl arte de la guerra /
_cSun Tzu ; introducción, traducción del chino antiguo y notas de Albert Galvany.
250 _aNovena edición
264 1 _aBogotá, Colombia :
_bTrotta,
_c2014
300 _a228 páginas
336 _atexto
_btxt
_2rdacontent
337 _asin mediación
_bn
_2rdamedia
338 _avolumen
_bnc
_2rdacarrier
490 0 _aPliegos de Oriente
500 _aRecomendado para público adulto
650 0 7 _aCiencia militar
_xFundamentos
_vCitas, máximas, etc.
_2lemb
_964315
650 0 7 _aCiencia militar
_xHistoria
_2lemb
_964316
650 0 7 _aEstrategia
_2LEMB
650 0 7 _aGuerra
_2lemb
_963308
650 0 7 _aTáctica militar
_2lemb
_923395
700 _aGalvany, Albert
_964317
942 _2ddc
_cBK
999 _c58892
_d58892